Địa hình cacxtơ ở Việt Nam

Uloženo v:
Podrobná bibliografie
Hlavní autor: Đào Trọng Năng
Médium: Kniha
Vydáno: H. Khoa học kỹ thuật 1979
Témata:
Tagy: Přidat tag
Žádné tagy, Buďte první, kdo otaguje tento záznam!
Thư viện lưu trữ: Trung tâm Học liệu Lê Vũ Hùng, Trường Đại học Đồng Tháp
LEADER 00665pam a22002058a 4500
001 00015874
005 20171026081022.0
008 110331s1979 ||||||Viesd
041 0 # |a Vie 
082 1 # |a 551.41  |b Đ301H 
100 0 # |a Đào Trọng Năng 
245 0 0 |a Địa hình cacxtơ ở Việt Nam  |c Đào Trọng Năng 
260 # # |a H.  |b Khoa học kỹ thuật  |c 1979 
300 # # |a 158 tr.  |b ảnh trắng đen  |c 19 cm. 
650 # 7 |2 Địa lý 
653 # # |a Địa mạo học 
852 # # |b Kho đọc  |j KD.0001281 
852 # # |j KD.0001281 
910 |d 31/03/2011 
980 # # |a Trung tâm Học liệu Lê Vũ Hùng, Trường Đại học Đồng Tháp